| 000 | 00382nam a22001337a 4500 | ||
|---|---|---|---|
| 005 | 20161213100848.0 | ||
| 008 | 160106b xxu||||| |||| 00| 0 eng d | ||
| 040 | _cPK-LaUMT | ||
| 082 |
_aMMC R 423 _bREA- |
||
| 245 | _aThe reader's digest great encyclopaedic dictionary | ||
| 260 |
_aLondon _bThe great digest association _c1962 |
||
| 300 |
_aVol.1: 528 p _aVol.3: 1744 |
||
| 942 | _cREF | ||
| 999 |
_c81184 _d81184 |
||